• 首页
  • 本馆介绍
  • 公告通知
  • 最新文献
  • 馆藏检索
  • 电子资源
  • 读者导购
  • 参考咨询
  • 我的图书馆
  • 登录
  • 详细信息显示
  • 放入我的书架
  • 预约/预借图书
  • 作者相关作品
  • 分类相关作品
  • 丛书相关作品
  • 出版社相关作品

书目信息

  • 表格格式
  • 工作单格式
  • 卡片格式
题名:
体育绘图
    
 
作者: ;体育院校成人教育协作组《体育绘图》编写组 编著
分册:  
出版信息: 北京   人民体育出版社  
页数:
开本: 22cm
丛书名:
单 册:
中图分类: G80
科图分类:
主题词: 体育理论
电子资源:
ISBN: 7-5009-1556-X
000 00694nam0 2200193 450
001 0635392641
005 20070701155835.48
010    @a7-5009-1556-X@dCNY14.00
100    @a20061019d km y0chiy0120 ea
101 0  @achi
102    @aCN@b110000
200 1  @a体育绘图@Ati yu hui tu@f体育院校成人教育协作组《体育绘图》编写组编著@Fti yu yuan xiao cheng ren jiao yu xie zuo zu《ti yu hui tu》bian xie zu bian zhu
210    @a北京@c人民体育出版社
215    @d22cm
606 0  @a体育理论
690    @aG80@v3
711  0 @a体育院校成人教育协作组《体育绘图》编写组@Ati yu yuan xiao cheng ren jiao yu xie zuo zu《ti yu hui tu》bian xie zu@4编著
801  0 @aCN@bPFT@c20070701
905    @a10447@dG80@e190
    
    体育绘图/体育院校成人教育协作组《体育绘图》编写组编著.-北京:人民体育出版社
    22cm
    
    
    ISBN 7-5009-1556-X:CNY14.00
    
●
相关链接 在E读中查询图书 在五车中查询图书 在当当中查询图书 在豆瓣中查询图书


正题名:体育绘图     索取号:G80/190         预约/预借

序号 登录号 条形码 馆藏地/架位号 状态 备注
1 0504036   205040365   密集书库/ [索取号:G80/190] 在馆    
2 0655333   206553335   库房3/ [索取号:G80/190] 在馆    
3 0764320   207643200   密集书库/ [索取号:G80/190] 在馆    
4 0764321   207643219   密集书库/ [索取号:G80/190] 在馆    
唐山师范学院图书馆 欢迎您!
大连网信软件有限公司© 版权所有